Central Library OPAC University of Rajshahi

Acton's political philosophy : (Record no. 36104)

MARC details
000 -LEADER
fixed length control field 00767cam a22002531 4500
001 - CONTROL NUMBER
control field 36104
003 - CONTROL NUMBER IDENTIFIER
rucl marc code BD-RjUL
005 - DATE AND TIME OF LATEST TRANSACTION
control field 20211209052432.0
008 - FIXED-LENGTH DATA ELEMENTS--GENERAL INFORMATION
fixed length control field 140616s1952 e 001 0 eng d
035 ## - SYSTEM CONTROL NUMBER
System control number (BD-RjUL)36201
System control number (OCoLC)968426
040 ## - CATALOGING SOURCE
Original cataloging agency DLC
Transcribing agency OAU
Modifying agency BD-RjUL
Language of cataloging eng
041 ## - LANGUAGE CODE
Language code of text/sound track or separate title eng
082 ## - DEWEY DECIMAL CLASSIFICATION NUMBER
Classification number 320.1
Author mark and year FAA 1952
100 1# - MAIN ENTRY--PERSONAL NAME
Personal name Fasnacht, George Eugene
9 (RLIN) 109889
245 10 - TITLE STATEMENT
Title Acton's political philosophy :
Remainder of title an analysis /
Statement of responsibility, etc. With a foreword by Sir Harold Butler.
260 ## - PUBLICATION, DISTRIBUTION, ETC. (IMPRINT)
Place of publication, distribution, etc. London :
Name of publisher, distributor, etc. Hollis & Carter,
Date of publication, distribution, etc. 1952.
300 ## - PHYSICAL DESCRIPTION
Pagination xiv, 265 p. ;
Size 23 cm.
504 ## - BIBLIOGRAPHY, ETC. NOTE
Bibliography, etc Includes index.
600 10 - SUBJECT ADDED ENTRY--PERSONAL NAME
Personal name Acton, John Emerich Edward Dalberg Acton,
Titles and other words associated with a name Baron,
Dates associated with a name 1834-1902.
942 ## - ADDED ENTRY ELEMENTS (KOHA)
Source of classification or shelving scheme Dewey Decimal Classification
Koha item type Books
Holdings
Lost status Source of classification or shelving scheme Damaged status Not for loan Collection code Permanent Location Current Location Shelving location Date acquired Source of acquisition Cost, normal purchase price Total Checkouts Full call number Date last seen Copy number Koha item type
  Dewey Decimal Classification   Not For Loan Non-fiction Central Library, University of Rajshahi Central Library, University of Rajshahi Reading Room 09/01/1956 Simphin Morshall 1.00   320.1 FAA 1952 16/06/2014 C-1 Books
  Dewey Decimal Classification     Non-fiction Central Library, University of Rajshahi Central Library, University of Rajshahi   05/12/1955 published United 17.00   320.1 FAA 1952 16/06/2014 C-2 Books